Obchodní jednání a národní zvyklosti: Rakousko

Obchodné rokovania a pracovné návyky v Rakúsku. Spoločenská etiketa. Verbálna a neverbálna komunikácia. Vzťahy medzi ľuďmi. Význam času. Jedlo a stolovanie. Náboženstvo. Kultúrne zvláštnosti.

Enregistré dans:
Détails bibliographiques
Auteur principal: Hořák, Pavel
Autres auteurs: Hitzger, Jan
Format: Chapitre de livre
Langue:tchèque
Sujets:
Tags: Ajouter un tag
Pas de tags, Soyez le premier à ajouter un tag!

MARC

LEADER 00000naa a2200000 4500
001 r046321
005 20230908091755.9
041 0 |a cze 
044 |a CZ 
245 1 0 |a Obchodní jednání a národní zvyklosti: Rakousko  |c Pavel Hořák, Jan Hitzger 
520 |a Obchodné rokovania a pracovné návyky v Rakúsku. Spoločenská etiketa. Verbálna a neverbálna komunikácia. Vzťahy medzi ľuďmi. Význam času. Jedlo a stolovanie. Náboženstvo. Kultúrne zvláštnosti. 
610 2 0 |a rokovania obchodné 
610 2 0 |a partneri obchodní 
610 2 0 |a Rakúsko 
610 2 0 |a zvyklosti obchodné 
610 2 0 |a komunikácia 
610 2 0 |a etiketa 
610 2 0 |a náboženstvo 
610 2 0 |a stolovanie 
100 1 |a Hořák, Pavel 
700 1 |a Hitzger, Jan